Schnelle Mathematik - Potenzrechnen Level 07 - Statistiken

Allgemein
  • Dieses Quiz wurde 120 mal gespielt
  • Das Durchschnittsergebnis liegt bei 14 aus 20
Antwortstatistiken
Zahl Ergebnis % Korrekt
0
100%
1⁰ 1
100%
1
100%
1
100%
3⁰ 1
100%
7⁰ 1
100%
8⁰ 1
100%
9⁰ 1
100%
10² 100
100%
10⁴ 10000
100%
2⁷ 128
100%
2⁴ 16
100%
2
100%
3
100%
2⁵ 32
100%
2¹⁵ 32768
100%
343
100%
36
100%
4
100%
4
100%
49
100%
5
100%
2⁹ 512
100%
6
100%
64
100%
9⁴ 6561
100%
8
100%
81
100%
9
100%
0
80%
6⁰ 1
80%
10¹ 10
80%
25
80%
2⁶ 64
80%
7
80%
2⁰ 1
75%
10³ 1000
75%
216
75%
2⁸ 256
75%
64
75%
729
75%
0
67%
1
67%
4⁰ 1
67%
10⁵ 100000
67%
2¹⁰ 1024
67%
4⁵ 1024
67%
6⁴ 1296
67%
27
67%
4⁶ 4096
67%
3⁶ 729
67%
2¹³ 8192
67%
9
67%
10⁰ 1
60%
3⁸ 6561
60%
5⁰ 1
50%
4⁷ 16384
50%
3⁹ 19683
50%
5⁵ 3125
50%
8⁵ 32768
50%
512
50%
3¹⁰ 59049
50%
9⁵ 59049
50%
5⁴ 625
50%
5⁷ 78125
50%
8
50%
3⁴ 81
50%
5⁶ 15625
43%
2¹² 4096
40%
6⁵ 7776
40%
2¹⁴ 16384
33%
4⁴ 256
33%
3⁷ 2187
29%
8⁴ 4096
25%
125
0%
16
0%
7⁵ 16807
0%
2¹¹ 2048
0%
7⁴ 2401
0%
3⁵ 243
0%
Keine übereinstimmenden Quizze gefunden
Verteilung der Resultate
Anzahl Personen mit jedem Resultat
Perzentil nach korrekt beantworteten Fragen
Ihre Resultats-Entwicklung
Sie haben dieses Quiz noch nicht gespielt